| 000 | 00773nam a2200217 a 4500 | ||
|---|---|---|---|
| 008 | 070522s2002 ||||||||||||||||| || u | ||
| 020 | _a0072472510 | ||
| 050 | _aZ 52.5 M52 Lau | ||
| 100 | _aLaudon, Kenneth C | ||
| 245 | 1 | 0 |
_aMicrosoft word 2002 _cby Kenneth C. Laudon; Kenneth Rosenblatt; David Langley |
| 260 |
_aBoston: _bMcGraw-Hill _c2002 |
||
| 300 | _axviii,(various pagings): ill. | ||
| 350 | _a0.00 | ||
| 490 | _aInteractive computing | ||
| 650 | _aMICROSOFT WORD | ||
| 650 | _aWORD PROCESSING | ||
| 650 | _aCOMPUTING | ||
| 700 | _aRosenblatt, Kenneth | ||
| 700 | _aLangley, David | ||
| 995 |
_D0.00 _FCBU-MAIN LIBRARY (Kitwe) _H1 _I0.00 _M1 _UAVAILABLE _WMay 22, 2007 _ZAnnex Low-Usage Collection |
||
| 999 |
_c51164 _d51164 |
||